| 000 | 00743nam a22002297a 4500 | ||
|---|---|---|---|
| 005 | 20240530110902.0 | ||
| 008 | 220214s1978 ua g 000 0 ara d | ||
| 017 | _bمصر. دار الكتب | ||
| 040 |
_aEG-CaGPL _cEG-CaGPL |
||
| 082 | 0 | 4 |
_221 _a320.956/ _bم ى |
| 100 | 0 | _aمحمد عبدالعزيز منصور | |
| 245 | 1 | 0 |
_aيا مسلمون اليهود قادمون / _cمحمد عبد العزيز منصور |
| 250 | _aط. 1 | ||
| 260 |
_aالقاهرة : _bدار الاعتصام ؛ _c1978 |
||
| 300 |
_a150ص. ؛ _c24 سم |
||
| 600 | 0 | _aمناحم بيجن | |
| 600 | 0 | _aعاموس بن جوريون | |
| 650 | 0 | 7 |
_2qrmak _aاليهود |
| 651 | _2qrmak | ||
| 653 | 0 | _aمذبحة دير ياسين | |
| 942 |
_2ddc _cBK |
||
| 999 |
_c66142 _d66142 |
||